| 000 | 00594nam a2200217Ia 4500 | ||
|---|---|---|---|
| 001 | 9727 | ||
| 003 | GE_BSU | ||
| 008 | 181216s||||||||xx |||||||||||||| ||und|| | ||
| 020 | _a9994030663 | ||
| 040 | _cGE_BSU | ||
| 080 | _a821.353.1-2 | ||
| 100 | _aბუღაძე,ლაშა | ||
| 245 | _a25 პატარა პიესა | ||
| 260 | _aთბილისი. | ||
| 260 | _bბაკურ სულაკაურის გამ-ბა. | ||
| 260 | _c2005 | ||
| 300 | _a92გვ;20სმ | ||
| 541 | _h5ლ. | ||
| 653 | _a25 პატარა პიესა | ||
| 942 | _cBK | ||
| 999 |
_c43008 _d43008 |
||